000
00308nam a2200145Ia 4500
100
_a
Miller /A.R
942
_c
BK
654
_a
IBM PC
245
_a
Assembly Language Techniques For The IBM Pc
260
_b
B.P.B. Pub.
_a
Delhi
082
_a
1.6
_b
Mil
300
_a
358
546
_a
ENGLISH
999
_c
21010
_d
21010